Themes in reading : (Record no. 16772)

000 -LEADER
fixed length control field 01934nam a2200373Ia 4500
020 ## - INTERNATIONAL STANDARD BOOK NUMBER
ISBN 0890618119 (pbk.): v.1
020 ## - INTERNATIONAL STANDARD BOOK NUMBER
ISBN 9780890618110 (pbk.): v.1
020 ## - INTERNATIONAL STANDARD BOOK NUMBER
ISBN 0890618127 (pbk.): v.2
020 ## - INTERNATIONAL STANDARD BOOK NUMBER
ISBN 9780890618127 (pbk.): v.2
020 ## - INTERNATIONAL STANDARD BOOK NUMBER
ISBN 0890618135 (pbk.): v.3
020 ## - INTERNATIONAL STANDARD BOOK NUMBER
ISBN 9780890618134 (pbk.): v.3
040 ## - CATALOGING SOURCE
Transcribing agency CBC
082 ## - DEWEY DECIMAL CLASSIFICATION NUMBER
Classification number 001 LIN 1997 A002 Or.
245 00 - TITLE STATEMENT
Title Themes in reading :
Remainder of title a multicultural collection /
260 ## - PUBLICATION, DISTRIBUTION, ETC. (IMPRINT)
Place of publication Lincolnwood, IL :
Name of publisher Jamestown Publishers,
Year of publication c1997-
300 ## - PHYSICAL DESCRIPTION
Number of Pages 3 v :
Other physical details ill. ;
Dimensions 24 cm
520 ## - SUMMARY, ETC.
Summary, etc This multivolume set of readers features poems, short stories, essays, and excerpts from larger works gathered together under specific themes. Each reading includes thinking, discussion, and writing activies. For example, volume 1 includes a short story under the theme of Accomplishments entitled "The scholarship jacket." Thinking activities include comprehension questions regarding facts within the story such as "Why was the scholarship jacket important to Martha?" Discussion activities take information from the story and ask the reader to analyse data ("What is the real meaning of the scholarship or other achievement award?") or make real-world connections with their own lives. Writing activities can focus on a specific incident in the story asking the reader to write a scene of dialogue for a "what would have happened if..." situation
650 #0 - SUBJECT ADDED ENTRY--TOPICAL TERM
Topical Term Readers (Elementary)
650 #0 - SUBJECT ADDED ENTRY--TOPICAL TERM
Topical Term Readers (Middle School)
650 #0 - SUBJECT ADDED ENTRY--TOPICAL TERM
Topical Term Readers (Secondary)
650 #0 - SUBJECT ADDED ENTRY--TOPICAL TERM
Topical Term Readers (Adult)
650 #0 - SUBJECT ADDED ENTRY--TOPICAL TERM
Topical Term Readers
650 #0 - SUBJECT ADDED ENTRY--TOPICAL TERM
Topical Term Language arts (Elementary)
650 #0 - SUBJECT ADDED ENTRY--TOPICAL TERM
Topical Term Language arts (Middle school)
650 #0 - SUBJECT ADDED ENTRY--TOPICAL TERM
Topical Term Language arts (Secondary)
650 #0 - SUBJECT ADDED ENTRY--TOPICAL TERM
Topical Term Literature
650 #0 - SUBJECT ADDED ENTRY--TOPICAL TERM
Topical Term Literature
650 #0 - SUBJECT ADDED ENTRY--TOPICAL TERM
Topical Term Literature
650 #0 - SUBJECT ADDED ENTRY--TOPICAL TERM
Topical Term Literature
650 #0 - SUBJECT ADDED ENTRY--TOPICAL TERM
Topical Term Reading (Elementary)
700 1# - ADDED ENTRY--PERSONAL NAME
Personal name Cunningham, Marilyn
710 2# - ADDED ENTRY--CORPORATE NAME
Corporate name or jurisdiction name as entry element Jamestown Publishers
942 ## - ADDED ENTRY ELEMENTS (KOHA)
Koha item type សៀវភៅភាសាអង់គ្លេស
952 ## - LOCATION AND ITEM INFORMATION (KOHA)
Withdrawn status [LOCAL, KOHA] 0
Holdings
Permanent Location Date acquired Koha item type Lost status Shelving location Barcode Current Location Full call number
Library Block A2018-04-25សៀវភៅភាសាអង់គ្លេស A002A13972Library Block A001 LIN 1997 A002 Or.
មជ្ឈមណ្ឌលឯការនៃសាកលវិទ្យាល័យភូមិន្ទកសិកម្មចំការដូង

Powered by Koha